Juran's quality handbook : (Record no. 19047)

MARC details
000 -LEADER
fixed length control field 00946cam a2200277 a 4500
001 - CONTROL NUMBER
control field 16465366
005 - DATE AND TIME OF LATEST TRANSACTION
control field 20150330104851.0
008 - FIXED-LENGTH DATA ELEMENTS--GENERAL INFORMATION
fixed length control field 100918s2010 nyua b 001 0 eng
020 ## - INTERNATIONAL STANDARD BOOK NUMBER
International Standard Book Number 9780071629737
020 ## - INTERNATIONAL STANDARD BOOK NUMBER
International Standard Book Number 007162934
040 ## - CATALOGING SOURCE
Original cataloging agency DLC
Transcribing agency DLC
Modifying agency DLC
-- EG-ScBUE
082 00 - DEWEY DECIMAL CLASSIFICATION NUMBER
Edition number 22
Classification number 658.562
Item number JUR
245 00 - TITLE STATEMENT
Title Juran's quality handbook :
Remainder of title the complete guide to performance excellence /
Statement of responsibility, etc [editors] Joseph M. Juran, Joseph A. De Feo.
246 30 - VARYING FORM OF TITLE
Title proper/short title Quality handbook
250 ## - EDITION STATEMENT
Edition statement 6th ed.
260 ## - PUBLICATION, DISTRIBUTION, ETC. (IMPRINT)
Place of publication, distribution, etc New York :
Name of publisher, distributor, etc McGraw Hill,
Date of publication, distribution, etc c.2010.
300 ## - PHYSICAL DESCRIPTION
Extent xxi, 1113 p. :
Other physical details ill. ;
Dimensions 24 cm.
500 ## - GENERAL NOTE
General note Previous eds. published under title: Quality control handbook.
504 ## - BIBLIOGRAPHY, ETC. NOTE
Bibliography, etc Includes bibliographical references and index.
650 #0 - SUBJECT ADDED ENTRY--TOPICAL TERM
Topical term or geographic name as entry element Quality control
Form subdivision Handbooks, manuals, etc.
653 ## - INDEX TERM--UNCONTROLLED
Resource For college Engineering, Chemical
655 ## - INDEX TERM--GENRE/FORM
Form subdivision
-- 34232
700 1# - ADDED ENTRY--PERSONAL NAME
Personal name Juran, J. M.
Fuller form of name (Joseph M.),
Dates associated with a name 1904-2008.
700 1# - ADDED ENTRY--PERSONAL NAME
Personal name De Feo, Joseph A.
942 ## - ADDED ENTRY ELEMENTS (KOHA)
Source of classification or shelving scheme Dewey Decimal Classification
Holdings
Withdrawn status Item status Source of classification or shelving scheme Damaged status Not for loan Vendor Home library Current library Shelving location Date acquired Source of acquisition Cost, normal purchase price Total Checkouts Full call number Barcode Date last seen Cost, replacement price Koha item type
    Dewey Decimal Classification     Baccah Central Library Central Library Ground Floor 17/03/2015   650.00   658.562 JUR 000037581 15/07/2025 813.00 Reference (NB)
    Dewey Decimal Classification     Baccah Central Library Central Library Ground Floor 17/03/2015   650.00   658.562 JUR 000037618 15/07/2025 813.00 Reference (NB)